Storia dell'idea di famiglia in Italia (Record n. 210935)

Dettagli MARC
000 -LEADER
fixed length control field 01020nam a2200205Ia 4500
001 - CONTROL NUMBER
control field b6138-42977
003 - CONTROL NUMBER IDENTIFIER
control field IT-MiCISF
008 - FIXED-LENGTH DATA ELEMENTS--GENERAL INFORMATION
fixed length control field 161014s9999||||xx |||||||||||||| ||und||
040 ## - CATALOGING SOURCE
Original cataloging agency IT-MiCISF
Transcribing agency IT-MiCISF
041 ## - LANGUAGE CODE
Language code of text/sound track or separate title it
999 ## - SYSTEM CONTROL NUMBERS (KOHA)
Koha Dewey Subclass [OBSOLETE] si
100 ## - MAIN ENTRY--PERSONAL NAME
Personal name Cavallera Hervé A.
245 #0 - TITLE STATEMENT
Title Storia dell'idea di famiglia in Italia
Remainder of title Dall'avvento della Repubblica ai giorni nostri
250 ## - EDITION STATEMENT
Edition statement 1a ed.
260 ## - PUBLICATION, DISTRIBUTION, ETC. (IMPRINT)
Place of publication, distribution, etc. Brescia
Name of publisher, distributor, etc. La Scuola
Date of publication, distribution, etc. 2006
300 ## - PHYSICAL DESCRIPTION
Extent pp. 344
500 ## - GENERAL NOTE
General note / famiglia, società, cultura, storia, ideali, valori, pedagogia / L'analisi svolta dall'A. - la prima in Italia in chiave di storia dell'educazione - costituisce la sintesi di una letteratura critica che considera contributi scientifici multidisciplinari italiani e stranieri sull'idea di famiglia. Il volume non è solo rivolto agli studiosi di problematiche familiari, ma rappresenta una storia dei costumi e dello sviluppo etico-educativo in Italia.
650 ## - SUBJECT ADDED ENTRY--TOPICAL TERM
Topical term or geographic name as entry element Famiglia nella società / famiglia
Relator term 006
942 ## - ADDED ENTRY ELEMENTS (KOHA)
Koha item type LIBRO
957 ## -
-- 1
999 ## - SYSTEM CONTROL NUMBERS (KOHA)
-- 1
Dati di copia
Withdrawn status Lost status Damaged status Not for loan Home library Current library Date acquired Total Checkouts Full call number Date last seen Price effective from Koha item type Public note
    Buone Condizioni Not For Loan CISF - Milano CISF - Milano 14/10/2016   b6138-42977 14/10/2016 14/10/2016 LIBRO Data import 15.10.2016 / by Epidotti, Vaglietti
CREDITS: SOCIETA' SAN PAOLO Via A.Severo, 58 - ROMA (RM) & PERIODICI SAN PAOLO SRL Via Giotto, 36 MILANO & CISF Via Giotto, 36 MILANO & EDIZIONI SAN PAOLO SRL,  Piazza Soncino, 5 CINISELLO BALSAMO (MI) -- ITALY